Statistics for Books of the Bible

Click here to take the quiz!

General Stats

  • This quiz has been taken 92 times
    (87 since last reset)
  • The average score is 43 of 66

Answer Stats

HintAnswer% Correct
LawExodus
100%
LawGenesis
100%
LawLeviticus
96%
LawNumbers
94%
GospelsJohn
92%
LawDeuteronomy
91%
GospelsLuke
89%
GospelsMark
89%
GospelsMatthew
89%
HistoryRuth
87%
HistoryJudges
83%
History1 Kings
81%
History2 Kings
81%
ProphecyRevelation
81%
HistoryJoshua
77%
Letters1 John
75%
History1 Samuel
75%
Letters2 John
75%
History2 Samuel
75%
Letters1 Corinthians
74%
Letters3 John
74%
Curch HistoryActs
74%
PoetryJob
74%
LettersRomans
74%
HistoryEsther
72%
PoetryProverbs
72%
Letters2 Corinthians
70%
History1 Chronicles
68%
History2 Chronicles
68%
Letters1 Peter
66%
Major ProphetsDaniel
66%
Minor ProphetsJonah
66%
Letters2 Peter
64%
Major ProphetsIsaiah
64%
LettersJames
64%
Letters1 Timothy
62%
Letters2 Timothy
62%
LettersJude
62%
PoetrySong of Solomon
62%
HistoryEzra
60%
Major ProphetsJeremiah
60%
Letters1 Thessalonians
57%
Letters2 Thessalonians
57%
LettersEphesians
57%
LettersHebrews
57%
Minor ProphetsMalachi
57%
LettersGalatians
55%
Minor ProphetsNahum
55%
HistoryNehemiah
55%
LettersTitus
55%
Minor ProphetsMicah
53%
LettersPhilemon
53%
LettersPhilippians
53%
Minor ProphetsAmos
49%
LettersColossians
49%
Minor ProphetsObadiah
47%
Minor ProphetsHaggai
45%
Minor ProphetsZechariah
45%
Minor ProphetsHosea
43%
Minor ProphetsZephaniah
43%
Minor ProphetsJoel
42%
Major ProphetsLamentations
40%
PoetryPsalms
38%
Major ProphetsEzekial
23%
PoetryEcclesiastes
21%
Minor ProphetsHabukkuk
9%

Score Distribution

Percentile by Number Answered

Percent of People with Each Score

Your Score History

You have not taken this quiz since the last reset